000 00942nam a2200253Ia 4500
003 OSt
005 20221005103835.0
006 a|||||r|||| 00| 0
007 ta
008 221004b |||||||| |||| 00| 0 hin d
020 _a8178540541
_c450
024 _a83393
037 _b580, 30/03/2005, Eastern Book Linkers
_cTextual
040 _aCRL
_cCRL
_bhin
041 _2hin
_ahin
082 _aDelta2y7H77, 152P4
100 _aअहीर, सोहन सिंह
245 0 _aसतगुरू रविदास जी की अमर कहानी
246 _aSatagurū ravidās jī kī amar kahānī
260 _aदिल्ली
_bईस्टर्न बुक लिंकर्स भारत
_c2004
300 _a363पृ0
_ccm.
942 _hDelta2y7H77, 152P4
_cTEXL
_2cc
999 _c1011062
_d1011062